000 00774nam a2200241Ia 4500
003 OSt
005 20220923220851.0
006 a|||||r|||| 00| 0
007 ta
008 220922b |||||||| |||| 00| 0 hin d
024 _a191,667
037 _cTextual
040 _aARTS
_cARTS
_bhin
041 _2hin
_ahin
082 _aV2y7N34x, 152L7
100 _aशान्ता कुमार
245 0 _aएम मुख्यमंत्री की जेल डायरी
246 _aEm mukhyahintrī kī jel ḍāyarī
260 _aदिल्ली
_b सरस्वती विहार
_c1977
300 _a139पृ.
_ccm.
942 _hV2y7N34x, 152L7
_cTEXL
_2CC
999 _c344323
_d344323